| 000 | 00858cam a22002291 4500 | ||
|---|---|---|---|
| 001 | sa 68016229 | ||
| 003 | DLC | ||
| 005 | 20260227112652.0 | ||
| 008 | 721031s1962 xx 000 0 ind | ||
| 010 | _asa 68016229 | ||
| 035 | _a(OCoLC)480511 | ||
| 040 |
_aDLC _cOAU _dDLC |
||
| 042 | _apremarc | ||
| 050 | 0 | 0 |
_aHV403 _b.P73 |
| 100 | 1 | _aPraptokusumo, Sumantri. | |
| 245 | 1 | 0 | _aMewudjudkan kesedjahteraan sosial dengan pembangunan semesta. |
| 260 |
_aDjakarta, _bBagian Penjuluhan, Djawatan Pekerdjaan Sosial, Departemen Sosial R. I. _c[1962] |
||
| 300 |
_a26 p. _c20 cm. |
||
| 500 | _aPaper delivered at the Simposium Ilmu Pendidikan dan Pekerdjaan Sosial, held at the Universitas Padjadjaran, Bandung, Oct. 1961. | ||
| 650 | 0 |
_aPublic welfare _zIndonesia. |
|
| 711 | 1 |
_aSimposium Ilmu Pendidikan dan Pekerdjaan Sosial, Universitas Padjadjaran, _d1961. |
|
| 999 |
_c86951 _d86951 |
||